Wheel of Time Female Rulers - Statistics

General Stats
  • This quiz has been taken 103 times
    15 since last reset
  • The average score is 4 of 9
Answer Stats
Title Name % Correct
Queen of Andor Elayne Trakand
100%
Queen of Andor Morgase Trakand
87%
Queen of Ghealdan Alliandre Maritha Kigarin
53%
Queen of Altara Tylin Quintara Mitsobar
53%
Queen of Saldaea Tenobia si Bashere Kazadi
47%
Panarch of Tarabon Amathera Aelfdene Casmir Lounault
40%
Empress of Seandar Fortuona Athaem Devi Paendrag
27%
Queen of Kandor Ethenielle Cosaru Noramaga
7%
Empress of Seandar Radhanan Paendrag
0%
No matching quizzes found
Score Distribution
Percent of People with Each Score
Percentile by Number Answered
Your Score History
You have not taken this quiz since the last reset